Sports Quiz

Random Sports Quiz

Detroit Tigers No-Hitters Quiz Stats

 Plays Quiz not verified by Sporcle

Score 0/7 Timer 05:00
0 Plays Today
Date Pitcher % Correct
May 7, 2011Justin Verlander
98.8%
June 12, 2007Justin Verlander
98.5%
April 7, 1984Jack Morris
85.9%
May 15, 1952Virgil Trucks
57.2%
August 25, 1952Virgil Trucks
57.2%
July 20, 1958Jim Bunning
50.7%
July 4, 1912George Mullin
26.7%

You're not logged in!

Compare scores with friends on all Sporcle quizzes.
OR
Log In

Show Comments

Extras

Top Quizzes Today


Score Distribution

Your Account Isn't Verified!

In order to create a playlist on Sporcle, you need to verify the email address you used during registration. Go to your Sporcle Settings to finish the process.

Report this User

Report this user for behavior that violates our Community Guidelines.

Details: